Complete Works by Chopin - Statistics

General Stats
  • This quiz has been taken 622 times
  • The average score is 48 of 76
Answer Stats
Op. Answer % Correct
10 Twelve Études
93%
25 Twelve Études
93%
72/1 Nocturne in E minor
86%
9 Three Nocturnes
86%
15 Three Nocturnes
86%
27 Two Nocturnes
86%
32 Two Nocturnes
86%
37 Two Nocturnes
86%
48 Two Nocturnes
86%
55 Two Nocturnes
86%
62 Two Nocturnes
86%
18 Grande valse brillante
85%
34 Three Waltzes
85%
64 Three Waltzes
85%
70 Three Waltzes
85%
69 Two Waltzes
85%
42 Waltz in A-flat major
85%
53 Polonaise in A flat major 'Heroic'
78%
44 Polonaise in F-sharp minor
78%
71 Three Polonaises
78%
26 Two Polonaises
78%
40 Two Polonaises
78%
61 Polonaise-fantaisie
75%
7 Five Mazurkas
74%
6 Four Mazurkas
74%
17 Four Mazurkas
74%
24 Four Mazurkas
74%
30 Four Mazurkas
74%
33 Four Mazurkas
74%
41 Four Mazurkas
74%
67 Four Mazurkas
74%
68 Four Mazurkas
74%
50 Three Mazurkas
74%
56 Three Mazurkas
74%
59 Three Mazurkas
74%
63 Three Mazurkas
74%
23 Ballade No. 1
73%
38 Ballade No. 2
73%
47 Ballade No. 3
73%
52 Ballade No. 4
73%
22 Andante spianato et grande polonaise brillante
72%
3 Introduction et polonaise brillante
70%
28 24 Preludes
69%
66 Fantaisie-impromptu
69%
45 Prelude in C-sharp minor
68%
11 Piano Concerto No. 1
65%
21 Piano Concerto No. 2
65%
49 Fantaisie
58%
13 Fantasy on Polish Airs
58%
20 Scherzo No. 1
57%
31 Scherzo No. 2
57%
39 Scherzo No. 3
57%
54 Scherzo No. 4
57%
35 Piano Sonata No. 2 'Funeral March'
53%
4 Piano Sonata No. 1
49%
58 Piano Sonata No. 3
49%
29 Impromptu No. 1
48%
36 Impromptu No. 2
48%
51 Impromptu No. 3
48%
14 Rondo à la Krakowiak
39%
5 Rondo à la mazur
39%
73 Rondo in C major
39%
1 Rondo in C minor
39%
16 Rondo in E-flat major
39%
60 Barcarolle
34%
2 Variations on 'Là ci darem la mano'
34%
12 Variations brillantes sur 'Je vends des scapulaires'
33%
65 Cello Sonata
31%
57 Berceuse
25%
72/2 Marche funèbre in C minor
17%
8 Piano Trio
17%
19 Bolero
16%
46 Allegro de concert
15%
43 Tarantelle
15%
72/3 Three Écossaises
15%
74 Seventeen Polish Songs
12%
No matching quizzes found
Score Distribution
Percent of People with Each Score
Percentile by Number Answered
Your Score History
You have not taken this quiz